000 nam a22 7a 4500
999 _c330328
_d330328
003 NUST
005 20170620134208.0
008 170620b xxu||||| |||| 00| 0 eng d
020 _a1853834556
040 _c0
082 _a613.1 WER
100 _aWerna,Edmundo
_92972
245 _aHealthy City Projects in Developing Countries:
_bAn International Approach to local problems
_cEdmundo Werna
260 _aLondon
_bEarthscan publications
_c1998.
300 _a148p.
500 _aP.B
942 _2ddc
_cBK
_kIESE